[Event "World Blitz 2015"]
[Site "Berlin GER"]
[Date "2015.10.14"]
[Round "14.75"]
[White "Kulon, Klaudia"]
[Black "Maze, Sebastien"]
[Result "0-1"]
[WhiteTitle "WGM"]
[BlackTitle "GM"]
[WhiteElo "2324"]
[BlackElo "2582"]
[WhiteFideId "1131044"]
[BlackFideId "613762"]
[EventDate "2015.10.13"]

1. e4 c5 2. Nf3 Nc6 3. d4 cxd4 4. Nxd4 g6 5. Nc3 Bg7 6. Be3 Nf6 7. Bc4 Qa5 8.
O-O O-O 9. Bb3 d6 10. h3 Bd7 11. f4 Nxd4 12. Bxd4 Bc6 13. Qd3 Rfd8 14. Nd5 Bxd5
15. exd5 Nd7 16. Bxg7 Kxg7 17. Qd4+ Nf6 18. Kh2 Qc5 19. Qd3 b5 20. c3 a5 21. a3
Rdc8 22. Rae1 Rc7 23. Re2 Kf8 24. Rfe1 Re8 25. g4 h6 26. g5 hxg5 27. fxg5 Nd7
28. Qg3 Ne5 29. Rf1 Kg7 30. Kh1 b4 31. Rxe5 dxe5 32. Qxe5+ Kg8 33. Rxf7 Kxf7 34.
d6+ e6 35. Qf6+ Kg8 36. Qxg6+ Kf8 37. Qh6+ Rg7 38. Qf6+ Kg8 39. Bxe6+ Rxe6 40.
Qxe6+ Kh7 41. d7 Qxg5 42. Qe4+ Rg6 0-1

[Event "World Blitz 2015"]
[Site "Berlin GER"]
[Date "2015.10.14"]
[Round "14.76"]
[White "Kovalev, Vladislav"]
[Black "Sumets, Andrey"]
[Result "1-0"]
[WhiteTitle "GM"]
[BlackTitle "GM"]
[WhiteElo "2546"]
[BlackElo "2583"]
[WhiteFideId "13504398"]
[BlackFideId "14105500"]
[EventDate "2015.10.13"]

1. d4 d5 2. Nc3 Nf6 3. Bf4 Bf5 4. f3 e6 5. g4 Bg6 6. h4 h6 7. e3 Bd6 8. Nge2
Nbd7 9. Nb5 Bxf4 10. Nxf4 Nf8 11. Bd3 Bxd3 12. Qxd3 c6 13. Nc3 Qe7 14. O-O-O
O-O-O 15. Na4 e5 16. dxe5 Qxe5 17. Qd4 Qxd4 18. exd4 N8d7 19. Rde1 Rde8 20. Nd3
Rxe1+ 21. Rxe1 Re8 22. Rf1 Kc7 23. Nc3 Kd6 24. Kd2 h5 25. g5 Ng8 26. Ne2 Ne7 27.
Ng3 g6 28. Re1 Rf8 29. f4 f6 30. f5 Nxf5 31. Nxf5+ gxf5 32. g6 Rg8 33. Nf4 Nf8
34. Re8 Kd7 35. Rb8 Nxg6 36. Rxg8 Nxf4 37. Rg7+ Ke6 38. Ke3 1-0

[Event "World Blitz 2015"]
[Site "Berlin GER"]
[Date "2015.10.14"]
[Round "14.77"]
[White "Schneider, Ilja"]
[Black "Carlstedt, Jonathan"]
[Result "1-0"]
[WhiteTitle "IM"]
[BlackTitle "IM"]
[WhiteElo "2481"]
[BlackElo "2442"]
[WhiteFideId "4663306"]
[BlackFideId "24614386"]
[EventDate "2015.10.13"]

1. d4 g6 2. e4 Bg7 3. Nc3 e6 4. Be3 Ne7 5. g3 d5 6. Bg2 dxe4 7. Nxe4 Nf5 8. Bg5
f6 9. Bf4 Qxd4 10. Bxc7 O-O 11. Qxd4 Nxd4 12. O-O-O Nbc6 13. Nd6 e5 14. c3 Bh6+
15. Kb1 Ne6 16. Nxc8 Nxc7 17. Nd6 Nd8 18. Nxb7 Rb8 19. Nxd8 Rfxd8 20. Ne2 f5 21.
Kc2 e4 22. Rxd8+ Rxd8 23. Rd1 Rxd1 24. Kxd1 Kf7 25. f3 Nd5 26. Bh1 Ne3+ 27. Ke1
Nc2+ 28. Kf1 Ne3+ 29. Kg1 exf3 30. Bxf3 Nd1 31. b3 Bg7 32. c4 Ke7 33. Kf1 Kd6
34. Ke1 Ne3 35. Nf4 g5 36. Nd3 Bd4 37. Ke2 Nc2 38. b4 Kc7 39. Kd2 Na3 40. c5
Nc4+ 41. Ke2 Ne5 42. Nc1 a5 43. bxa5 Bxc5 44. Nb3 Ba7 45. Bd5 f4 46. gxf4 gxf4
47. Nd2 Kd6 48. Be4 h6 49. a6 Kc5 50. Bg2 Kb5 51. Bb7 Kb4 52. Nb1 Kc4 53. Na3+
Kb4 54. Nc2+ Kc3 55. Ne1 Kd4 56. Ng2 Ng6 57. Kf3 Ke5 58. Be4 Nf8 59. Nxf4 Nd7
60. Nd3+ Kd4 61. Nf4 Ne5+ 62. Kg3 Kxe4 63. Ne6 Bb8 64. Kh4 Kf5 65. Nc5 Ba7 66.
Nb3 Nd3 67. Na5 Nc5 68. Nc6 Bb6 69. a7 Bxa7 70. Nxa7 Na4 71. Nb5 Kg6 72. Kg4 h5+
73. Kh4 Kh6 74. Nd4 Nc5 75. Nf5+ Kg6 76. Ng3 Nd3 77. Nxh5 Nf2 78. Nf4+ Kf5 79.
Ne2 Nd3 80. a4 Nc5 81. a5 Ke4 82. Kg5 Ne6+ 83. Kf6 Kd5 84. h4 Nc5 85. h5 Ne4+
86. Kf5 Nd6+ 87. Kg6 Ke6 88. h6 Nf7 89. Nd4+ Ke7 90. h7 Ne5+ 91. Kg7 1-0

[Event "World Blitz 2015"]
[Site "Berlin GER"]
[Date "2015.10.14"]
[Round "14.78"]
[White "Godena, Michele"]
[Black "Olafsson, Helgi"]
[Result "1/2-1/2"]
[WhiteTitle "GM"]
[BlackTitle "GM"]
[WhiteElo "2513"]
[BlackElo "2549"]
[WhiteFideId "800090"]
[BlackFideId "2300010"]
[EventDate "2015.10.13"]

1. e4 d5 2. exd5 Qxd5 3. Nc3 Qd6 4. d4 c6 5. g3 Nf6 6. Bg2 Bg4 7. Nge2 Nbd7 8.
Bf4 Qb4 9. O-O e6 10. h3 Bxe2 11. Nxe2 Be7 12. c3 Qb6 13. Qc2 O-O 14. Rad1 c5
15. dxc5 Bxc5 16. b4 Be7 17. Be3 Qc7 18. Qb3 Rac8 19. c4 Qxc4 20. Bxb7 Qxb3 21.
axb3 Rc7 22. Bg2 Bxb4 23. Nd4 a6 24. Nc6 Bc5 25. Bf4 Rcc8 26. b4 Nd5 27. bxc5
Rxc6 28. Bxd5 exd5 29. Rxd5 Nxc5 30. Rc1 Rfc8 31. Be3 Ne6 32. Ra1 h6 33. h4 Ra8
34. Raa5 Kf8 35. Rd7 Ke8 36. Rb7 Rac8 37. Ra7 R8c7 38. R7xa6 Rxa6 39. Rxa6 Kd7
40. Kg2 Rc6 41. Ra7+ Rc7 42. Ra4 Ke7 43. h5 Kd7 44. Ra8 Ke7 45. g4 Kf6 46. Kg3
Rc3 47. Ra6 Rb3 48. Kg2 Rb4 49. Kg3 Rb3 50. Kg2 Rd3 1/2-1/2

[Event "World Blitz 2015"]
[Site "Berlin GER"]
[Date "2015.10.14"]
[Round "14.79"]
[White "Valdes Romero, Leonardo"]
[Black "Shabalov, Alexander"]
[Result "0-1"]
[WhiteTitle "IM"]
[BlackTitle "GM"]
[WhiteElo "2362"]
[BlackElo "2522"]
[WhiteFideId "6500331"]
[BlackFideId "2008572"]
[EventDate "2015.10.13"]

1. Nf3 Nf6 2. g3 b6 3. Bg2 Bb7 4. O-O g6 5. c4 Bg7 6. Nc3 O-O 7. d4 e6 8. Qc2 c5
9. d5 exd5 10. Nh4 Na6 11. cxd5 d6 12. a3 Nc7 13. Rd1 b5 14. e4 a5 15. a4 b4 16.
Nb5 Nxb5 17. axb5 Nd7 18. Be3 Nb6 19. f4 a4 20. e5 b3 21. Qd3 dxe5 22. Bxc5 Re8
23. f5 e4 24. Bxe4 Bxb2 25. Rab1 Bg7 26. fxg6 hxg6 27. Bf2 b2 28. Bxg6 fxg6 29.
Qxg6 Qf6 30. Bxb6 Qxg6 31. Nxg6 a3 32. d6 Bc8 33. Ne7+ Kf7 34. Nxc8 Rexc8 35. d7
Rd8 36. Bxd8 Rxd8 0-1

[Event "World Blitz 2015"]
[Site "Berlin GER"]
[Date "2015.10.14"]
[Round "14.80"]
[White "Carow, Johannes"]
[Black "Shchekachev, Andrei"]
[Result "0-1"]
[WhiteTitle "FM"]
[BlackTitle "GM"]
[WhiteElo "2431"]
[BlackElo "2531"]
[WhiteFideId "24692050"]
[BlackFideId "4107730"]
[EventDate "2015.10.13"]

1. d4 g6 2. c4 Bg7 3. e4 d6 4. Nc3 Nd7 5. Be3 a6 6. Qd2 c6 7. O-O-O Qa5 8. Kb1
b5 9. h4 Ngf6 10. f3 bxc4 11. Bxc4 Nb6 12. Bb3 Be6 13. d5 cxd5 14. Nxd5 Qxd2 15.
Rxd2 Nbxd5 16. exd5 Bd7 17. Ne2 O-O 18. Nd4 a5 19. g4 a4 20. Bc4 Rfc8 21. b3
axb3 22. Bxb3 Ba4 23. g5 Bxb3 24. gxf6 Bxd5 25. fxg7 e5 26. Nb3 Bxf3 27. Rf1
Be4+ 28. Kb2 d5 29. Nc5 Rcb8+ 30. Ka1 d4 31. Nxe4 dxe3 32. Rd7 Rb4 33. Rdxf7 e2
34. Re1 Kxf7 35. Ng5+ Kxg7 36. Rxe2 Rc8 37. a3 Rxh4 38. Ka2 h6 39. Nf3 Rf4 40.
Nxe5 Re8 41. Kb3 Rf5 0-1

[Event "World Blitz 2015"]
[Site "Berlin GER"]
[Date "2015.10.14"]
[Round "14.81"]
[White "Rasmussen, Allan Stig"]
[Black "Hasangatin, Ramil"]
[Result "1/2-1/2"]
[WhiteTitle "GM"]
[BlackTitle "GM"]
[WhiteElo "2498"]
[BlackElo "2509"]
[WhiteFideId "1406000"]
[BlackFideId "4122160"]
[EventDate "2015.10.13"]

1. e4 d5 2. exd5 Qxd5 3. Nc3 Qd6 4. d4 Nf6 5. Nf3 c6 6. Ne5 Nbd7 7. Nc4 Qc7 8.
g3 Nb6 9. Bf4 Qd8 10. Be5 Bg4 11. f3 Be6 12. Ne3 Nbd5 13. Nexd5 Nxd5 14. Qd2 Qa5
15. Ne4 Qxd2+ 16. Kxd2 f6 17. Bf4 Nxf4 18. gxf4 O-O-O 19. Ke3 Bf7 20. Bh3+ e6
21. c3 Be7 22. b4 b6 23. a4 Kb7 24. a5 h6 25. Rhg1 g5 26. f5 exf5 27. Bxf5 Rhf8
28. Kd3 Bd5 29. Rge1 Rf7 30. Ng3 Bd6 31. Be6 Bxe6 32. Rxe6 Bxg3 33. hxg3 h5 34.
a6+ Kc7 35. Rh1 Rh8 36. c4 h4 37. d5 cxd5 38. cxd5 Kd7 39. Ke4 hxg3 40. Rg1 Rh4+
41. Kf5 Rd4 42. Kg6 Re7 43. Rxf6 Rxd5 44. Rxg3 Rb5 45. Rg4 Re6 46. Rd4+ Ke7 47.
Rxe6+ Kxe6 48. Rc4 Kd6 49. Kf6 Kd5 50. Rg4 Kd6 51. Rd4+ Kc6 52. Ke6 Kc7 53. Rc4+
Kd8 54. Rd4+ Kc8 55. Rg4 Kc7 56. Ke7 Kc6 57. Ke6 Kc7 58. Rc4+ Kb8 59. Kd7 Rd5+
60. Kc6 Rf5 61. Rg4 Kc8 62. Kd6 Rf6+ 63. Ke5 Rxf3 64. Rxg5 Rb3 65. Kd6 Rd3+ 66.
Kc6 Rc3+ 67. Kb5 Rf3 68. Rg8+ Kc7 69. Ra8 Rf5+ 70. Ka4 Kc6 71. Rxa7 b5+ 72. Kb3
Kb6 73. Ra8 Rf3+ 74. Kc2 Rf2+ 75. Kc3 Rf3+ 76. Kc2 Rf4 77. Kc3 Rf3+ 78. Kb2 Rf4
79. Kb3 Rf3+ 80. Kc2 Rf4 1/2-1/2

[Event "World Blitz 2015"]
[Site "Berlin GER"]
[Date "2015.10.14"]
[Round "14.83"]
[White "Camacho Collados, Jose"]
[Black "Handke, Florian"]
[Result "0-1"]
[WhiteTitle "IM"]
[BlackTitle "GM"]
[WhiteElo "2383"]
[BlackElo "2531"]
[WhiteFideId "2265427"]
[BlackFideId "4634527"]
[EventDate "2015.10.13"]

1. Nf3 Nf6 2. g3 g6 3. Bg2 d5 4. O-O Bg7 5. c4 dxc4 6. Na3 c3 7. bxc3 O-O 8. Rb1
c5 9. Ne5 Nd5 10. Nac4 Na6 11. Qa4 Rb8 12. Ba3 Be6 13. Rxb7 Rxb7 14. Qxa6 Qc7
15. Bxc5 Rbb8 16. Nc6 Rbe8 17. e4 Nxc3 18. dxc3 Bxc4 19. Nxe7+ Rxe7 20. Qa3 Bxf1
21. Bxf1 Rxe4 22. Bxf8 Bxf8 23. Qb3 Re1 24. Kg2 Qc6+ 25. f3 Bc5 26. Bc4 Qd7 27.
Qb8+ Kg7 28. Qf4 Bb6 29. h4 h5 30. a4 Qe7 31. g4 Qf6 32. Qxf6+ Kxf6 33. g5+ Ke7
34. Kg3 Rc1 35. Bb5 Rxc3 36. Kf4 Bc7+ 37. Ke4 Bg3 38. Kd4 Rc1 39. Ke4 Bxh4 40.
Bd3 Bxg5 0-1

[Event "World Blitz 2015"]
[Site "Berlin GER"]
[Date "2015.10.14"]
[Round "14.84"]
[White "Petursson, Margeir"]
[Black "Berend, Elvira"]
[Result "1-0"]
[WhiteTitle "GM"]
[BlackTitle "WGM"]
[WhiteElo "2520"]
[BlackElo "2370"]
[WhiteFideId "2300028"]
[BlackFideId "4000510"]
[EventDate "2015.10.13"]

1. c4 e5 2. Nc3 Nf6 3. g3 Nc6 4. Bg2 g6 5. Nf3 Bg7 6. d4 exd4 7. Nxd4 O-O 8. O-O
Re8 9. h3 Nxd4 10. Qxd4 Ne4 11. Qd3 Nxc3 12. bxc3 d6 13. Be3 Bf5 14. Qd2 c6 15.
Rfd1 Qa5 16. Bd4 Rad8 17. Bxg7 Kxg7 18. Qd4+ Kg8 19. e4 Be6 20. Rab1 b6 21. Rd2
Qc5 22. Rb4 Bc8 23. h4 Qa5 24. Rb1 Be6 25. Rbd1 Bg4 26. f3 Be6 27. Kh2 c5 28.
Qf6 Bxc4 29. h5 gxh5 30. Rxd6 Rxd6 31. Rxd6 Qxa2 32. Rd7 Bf1 33. Qg5+ Kf8 34.
Rd2 Qc4 35. Qh6+ Kg8 36. Rd5 Qxd5 37. exd5 Re2 38. Kg1 Bxg2 39. Qxh5 Ra2 40. d6 1-0

[Event "World Blitz 2015"]
[Site "Berlin GER"]
[Date "2015.10.14"]
[Round "14.85"]
[White "Seel, Christian"]
[Black "Van Foreest, Jorden"]
[Result "0-1"]
[WhiteTitle "IM"]
[BlackTitle "IM"]
[WhiteElo "2474"]
[BlackElo "2548"]
[WhiteFideId "4663098"]
[BlackFideId "1039784"]
[EventDate "2015.10.13"]

1. d4 d5 2. e4 c6 3. Nd2 dxe4 4. Nxe4 Bf5 5. Ng3 Bg6 6. Nh3 e6 7. Nf4 Bd6 8. h4
Qc7 9. h5 Bxc2 10. Qxc2 Bxf4 11. Ne4 Nd7 12. Bxf4 Qxf4 13. g3 Qc7 14. Bg2 Ngf6
15. h6 g6 16. Nc3 O-O 17. O-O-O Rad8 18. f4 Nb6 19. Kb1 Nbd5 20. Rhe1 Nxc3+ 21.
Qxc3 Nd5 22. Qc5 Qb6 23. Qc2 Rd6 24. Ka1 Rfd8 25. Qe4 Nf6 26. Qe5 Rxd4 27. Rb1
Ne8 28. Bh3 R4d5 29. Qe2 Rd2 30. Qc4 Nd6 31. Qc3 Qd4 32. Qxd4 Rxd4 33. Rbd1 Ne4
34. Rxd4 Rxd4 35. g4 Nf2 36. Bg2 Nxg4 37. a3 Nxh6 38. Ka2 Nf5 39. Bh3 Rxf4 40.
Rd1 Rd4 41. Re1 Rd5 42. Bg2 Rd2 43. Bh3 Nd4 44. Re4 f5 45. Re1 Kf7 46. Bf1 Kf6
47. Bc4 g5 48. Rh1 Kg6 49. Re1 g4 50. Kb1 Kg5 51. Kc1 Rf2 52. Rd1 e5 53. Bf7 h5
54. Re1 e4 55. Rh1 h4 56. a4 h3 57. a5 f4 58. Be8 e3 59. Bd7 h2 60. Bc8 b6 61.
a6 g3 62. Rd1 g2 0-1

[Event "World Blitz 2015"]
[Site "Berlin GER"]
[Date "2015.10.14"]
[Round "14.86"]
[White "Rabiega, Robert"]
[Black "Choukri, Adel"]
[Result "0-1"]
[WhiteTitle "GM"]
[BlackTitle "CM"]
[WhiteElo "2503"]
[BlackElo "2199"]
[WhiteFideId "4601475"]
[BlackFideId "9000399"]
[EventDate "2015.10.13"]

1. e4 e6 2. d4 d5 3. Nc3 Bb4 4. exd5 exd5 5. Bd3 Ne7 6. Qh5 c5 7. a3 Bxc3+ 8.
bxc3 c4 9. Be2 O-O 10. Nf3 Bf5 11. Bd1 Bg6 12. Qh3 Nbc6 13. O-O Qa5 14. Nh4 Be4
15. a4 Ng6 16. Nxg6 Bxg6 17. Qg3 Rfe8 18. h4 Qd8 19. h5 Be4 20. Bg5 f6 21. Bf4
Qd7 22. Re1 Bf5 23. Bf3 Bxc2 24. Bd6 Be4 25. Bg4 f5 26. Bh3 Rad8 27. Bf4 Qf7 28.
Qh4 Rd7 29. Re3 Nd8 30. Rg3 Ne6 31. Be5 Qf8 32. h6 g6 33. a5 Rf7 34. f4 Qe7 35.
Qh5 Kf8 36. Qd1 Bd3 37. Qd2 Nd8 38. Re1 Be4 39. Qb2 Nc6 40. Ra1 Qh4 41. Kh2 Nxe5
42. dxe5 Qxf4 43. a6 b6 44. Qb4+ Kg8 45. Qb5 Qxe5 46. Kg1 Rfe7 47. Re3 f4 48.
Re2 Kh8 49. Rf1 Qxc3 50. Qc6 Qd4+ 51. Kh1 Qe5 52. Ref2 Rf8 53. Re1 Qc3 54. Rfe2
Qxh3+ 55. Kg1 Qxh6 56. Qd6 Qg7 57. Rd1 Rfe8 58. Qc6 f3 59. gxf3 Bxf3 60. Rxe7
Qxe7 0-1

[Event "World Blitz 2015"]
[Site "Berlin GER"]
[Date "2015.10.14"]
[Round "14.87"]
[White "Hovhannisyan, Mher"]
[Black "Ben Artzi, Ido"]
[Result "0-1"]
[WhiteTitle "IM"]
[BlackTitle "IM"]
[WhiteElo "2499"]
[BlackElo "2419"]
[WhiteFideId "13300865"]
[BlackFideId "2810913"]
[EventDate "2015.10.13"]

1. e4 c5 2. c3 Nf6 3. e5 Nd5 4. d4 d6 5. exd6 exd6 6. Nf3 Be7 7. Bb5+ Bd7 8.
Bxd7+ Qxd7 9. O-O O-O 10. Re1 Nc6 11. c4 Nc7 12. dxc5 Rad8 13. cxd6 Bxd6 14. Nc3
Qg4 15. Qb3 Na5 16. Qa4 b6 17. Re4 Qg6 18. h3 Ne6 19. Nd5 Qxe4 0-1

[Event "World Blitz 2015"]
[Site "Berlin GER"]
[Date "2015.10.14"]
[Round "14.88"]
[White "Vogel, Roven"]
[Black "Przybylski, Wojciech"]
[Result "0-1"]
[BlackTitle "FM"]
[WhiteElo "2417"]
[BlackElo "2354"]
[WhiteFideId "12908088"]
[BlackFideId "1117599"]
[EventDate "2015.10.13"]

1. d4 d5 2. c4 c6 3. Nf3 Nf6 4. e3 e6 5. Nc3 Nbd7 6. Bd3 dxc4 7. Bxc4 b5 8. Bd3
Bd6 9. O-O O-O 10. Ne4 Nxe4 11. Bxe4 Bb7 12. Bd2 Rc8 13. Rc1 Nf6 14. Bb1 c5 15.
dxc5 Bxc5 16. Bc3 Qxd1 17. Rfxd1 a6 18. Be5 Bd5 19. Rxc5 Rxc5 20. Bd6 Bxf3 21.
gxf3 Rd8 0-1

[Event "World Blitz 2015"]
[Site "Berlin GER"]
[Date "2015.10.14"]
[Round "14.89"]
[White "Thiede, Lars"]
[Black "Bruedigam, Martin"]
[Result "1/2-1/2"]
[WhiteTitle "IM"]
[BlackTitle "FM"]
[WhiteElo "2437"]
[BlackElo "2375"]
[WhiteFideId "4607759"]
[BlackFideId "24608033"]
[EventDate "2015.10.13"]

1. g3 Nf6 2. Bg2 c5 3. c4 Nc6 4. Nc3 g6 5. d3 Bg7 6. a3 O-O 7. Rb1 d6 8. Nf3 b6
9. O-O Bb7 10. b4 Qd7 11. Qb3 Nd4 12. Nxd4 Bxg2 13. Kxg2 cxd4 14. Ne4 h5 15. Bb2
Qf5 16. Nxf6+ Bxf6 17. e4 Qd7 18. f4 Bg7 19. f5 b5 20. cxb5 Kh7 21. Qd5 e6 22.
Qc6 Qe7 23. fxg6+ fxg6 24. Qc2 Rac8 25. Qe2 Be5 26. Rxf8 Rxf8 27. Rf1 Rc8 28.
Qf2 Qg7 29. Rc1 Rxc1 30. Bxc1 Qc7 31. Bg5 Kg7 32. Kh3 Qc3 33. Be7 Qc8 34. Qf3
Qd7 35. Qf8+ Kh7 36. Qf7+ Bg7 37. Kg2 e5 38. h3 Qc7 39. Kf3 Qd7 40. a4 Kh8 41.
Qxg6 Qxe7 42. Qxh5+ Kg8 43. Qf5 Qc7 44. Kg4 Qc2 45. Qe6+ Kh7 46. Qf5+ Kg8 47.
Kh5 Qxd3 48. Qc8+ Kh7 49. Qf5+ Kg8 50. Qe6+ Kh7 51. Qg4 Qe3 52. Qf5+ Kg8 53.
Qe6+ 1/2-1/2

[Event "World Blitz 2015"]
[Site "Berlin GER"]
[Date "2015.10.14"]
[Round "14.90"]
[White "Cordeiro, Marco Aurelio Zaror"]
[Black "Lagunow, Raphael"]
[Result "0-1"]
[WhiteElo "2228"]
[BlackElo "2164"]
[WhiteFideId "2117991"]
[BlackFideId "24652644"]
[EventDate "2015.10.13"]

1. e4 c5 2. Nc3 g6 3. f4 Bg7 4. Nf3 Nc6 5. Bb5 Nd4 6. O-O Nxb5 7. Nxb5 d5 8.
exd5 a6 9. Nc3 Nf6 10. d4 c4 11. Qe2 b5 12. Ne5 Bb7 13. Bd2 Nxd5 14. Rad1 O-O
15. Ne4 Qb6 16. c3 Rad8 17. Nc5 Bc8 18. Kh1 f6 19. Nf3 Rfe8 20. Qf2 Qd6 21. Qg3
Bh6 22. Nh4 Bg7 23. Rde1 e5 24. fxe5 fxe5 25. Ne4 Qc7 26. Ng5 exd4 27. Qxc7 Nxc7
28. cxd4 Bxd4 29. b3 c3 30. Bc1 Rxe1 31. Rxe1 Re8 32. Rd1 Bf6 33. Ngf3 Bg4 34.
h3 Bxh4 35. hxg4 Bf6 36. g5 Bg7 37. Rd7 Ne6 38. Ra7 Nc5 39. Rc7 Nd3 40. Ba3 b4
41. Rd7 bxa3 42. Rxd3 c2 0-1

[Event "World Blitz 2015"]
[Site "Berlin GER"]
[Date "2015.10.14"]
[Round "14.91"]
[White "Hilverda, Alexander"]
[Black "Carstensen, Jacob"]
[Result "1/2-1/2"]
[BlackTitle "IM"]
[WhiteElo "2384"]
[BlackElo "2352"]
[WhiteFideId "4695437"]
[BlackFideId "1404180"]
[EventDate "2015.10.13"]

1. d4 Nf6 2. Nf3 e6 3. g3 d5 4. Bg2 Nc6 5. c4 dxc4 6. Qa4 Bb4+ 7. Bd2 Nd5 8. Qb5
Bxd2+ 9. Nbxd2 c3 10. bxc3 Nxc3 11. Qd3 Nd5 12. O-O O-O 13. Rfc1 Ncb4 14. Qb3 a5
15. a3 Na6 16. Ne5 c6 17. Nd3 Qe7 18. Nc4 a4 19. Qb2 b5 20. Na5 Nb8 21. Nxc6
Nxc6 22. Rxc6 Bd7 23. Rc2 Rab8 24. Bxd5 exd5 25. Rc7 Qd6 26. Rac1 Bh3 27. Nf4
Be6 28. R1c6 Qd8 29. Qc3 Re8 30. Qc5 Qg5 31. h4 Qf5 32. Re7 b4 33. axb4 a3 34.
Rxe8+ Rxe8 35. Ra6 a2 36. Qa7 Qb1+ 37. Kg2 Bf5 38. f3 Qxb4 39. Rxa2 h6 40. Qc5
Qb1 41. Rd2 Qe1 42. Qc3 h5 43. Nxd5 Bh3+ 44. Kh2 Bf1 45. Ne3 Qf2+ 46. Kh1 Rxe3
47. Qc8+ Kh7 48. Qf5+ Kg8 49. Qc8+ Kh7 50. Qf5+ Kg8 51. Qc8+ 1/2-1/2

[Event "World Blitz 2015"]
[Site "Berlin GER"]
[Date "2015.10.14"]
[Round "14.92"]
[White "Pavlovic, Milos"]
[Black "Koehler, Gerhard2"]
[Result "1-0"]
[WhiteTitle "GM"]
[WhiteElo "2481"]
[BlackElo "2173"]
[WhiteFideId "900389"]
[BlackFideId "12909700"]
[EventDate "2015.10.13"]

1. e4 e6 2. Qe2 c5 3. g3 Nc6 4. Nf3 g6 5. Bg2 Bg7 6. O-O d6 7. c3 Nge7 8. Rd1
O-O 9. d4 cxd4 10. cxd4 d5 11. e5 b6 12. Nc3 Nb4 13. Bf4 h6 14. h4 Nf5 15. Qd2
Kh7 16. a3 Nc6 17. b4 Bd7 18. Bh3 Rc8 19. Rac1 a6 20. Bf1 Nb8 21. Bd3 Qe7 22.
Kg2 b5 23. Rh1 Rc4 24. Bxc4 dxc4 25. d5 exd5 26. Nxd5 Qe6 27. h5 Bc6 28. hxg6+
fxg6 29. Ng5+ 1-0

[Event "World Blitz 2015"]
[Site "Berlin GER"]
[Date "2015.10.14"]
[Round "14.93"]
[White "Sawlin, Leonid"]
[Black "Thornton, Giovanni Antonio"]
[Result "1-0"]
[WhiteElo "2258"]
[BlackElo "2207"]
[WhiteFideId "4689542"]
[BlackFideId "4300963"]
[EventDate "2015.10.13"]

1. e4 e6 2. d4 d5 3. Nc3 Nf6 4. Bg5 Be7 5. e5 Nfd7 6. h4 a6 7. Qg4 g6 8. O-O-O
c5 9. Bxe7 Qxe7 10. Nf3 cxd4 11. Qxd4 Nc6 12. Qf4 h5 13. Bd3 b5 14. Ne2 Bb7 15.
Kb1 O-O-O 16. Ned4 Nb6 17. Ng5 Rd7 18. Rh3 Nd8 19. Bf1 Kb8 20. Qd2 Nc4 21. Qe1
Rc7 22. b3 Nb6 23. Qa5 Na8 24. a4 bxa4 25. bxa4 Qc5 26. Qxc5 Rxc5 27. Rb3 Ka7
28. Rdd3 Re8 29. Rf3 Re7 30. Bd3 Nb6 31. Rb4 Nd7 32. Re3 Nb6 33. Be2 Nd7 34.
Reb3 Nb8 35. Rb6 Ndc6 36. Nxc6+ Nxc6 37. f4 Na5 38. Rb2 Nc4 39. Bxc4 dxc4 40. g3
c3 41. R2b4 a5 42. R4b5 Rxb5+ 43. Rxb5 Rc7 44. Rxa5+ Kb8 45. Rb5 Ka7 46. Rb4 Bd5
47. Ne4 Bxe4 48. Rxe4 Ka6 49. Rb4 Ka5 50. Rd4 Rb7+ 51. Kc1 Rc7 52. Kd1 Ka6 53.
Ke2 Ka5 54. Kd3 Rb7 55. Kxc3 Rc7+ 56. Kd3 Rb7 57. c3 Rc7 58. Rb4 Rd7+ 59. Kc4
Rc7+ 60. Kb3 Rd7 61. Rb5+ Ka6 62. Kb4 Rd3 63. Rc5 Rxg3 64. Rc7 Rg4 65. Rxf7 Rxh4
66. Kc5 Rh3 67. Kd6 Rxc3 68. Kxe6 h4 69. Rh7 h3 70. Kf6 Rc6+ 71. Kg5 Ka5 72.
Rxh3 Kxa4 73. Re3 Re6 74. f5 gxf5 75. Kxf5 Re8 76. e6 Kb5 77. e7 Kc6 78. Ke6 Kc7
79. Rc3+ Kb6 80. Kd7 Rh8 1-0

[Event "World Blitz 2015"]
[Site "Berlin GER"]
[Date "2015.10.14"]
[Round "14.94"]
[White "Zepeda, Lorena"]
[Black "Wendt, Jan-Dietrich"]
[Result "0-1"]
[WhiteTitle "WIM"]
[BlackTitle "FM"]
[WhiteElo "2106"]
[BlackElo "2332"]
[WhiteFideId "6700233"]
[BlackFideId "4623797"]
[EventDate "2015.10.13"]

1. e4 c5 2. Nf3 e6 3. d4 cxd4 4. Nxd4 Nc6 5. Nb5 d6 6. Bf4 e5 7. Be3 Nf6 8. Bg5
a6 9. Bxf6 gxf6 10. N5c3 f5 11. Bd3 Bg7 12. exf5 d5 13. Qh5 e4 14. Be2 Ne7 15.
g4 Qb6 16. O-O Qxb2 17. f6 Bxf6 18. Nxd5 Nxd5 19. Qxd5 Qxa1 20. Qxe4+ Qe5 21.
Qb4 Be7 22. Qc4 Be6 23. Qa4+ Bd7 24. Qb3 Bc6 25. Bd3 Qd5 26. Qxd5 Bxd5 27. Nc3
Bc6 0-1

[Event "World Blitz 2015"]
[Site "Berlin GER"]
[Date "2015.10.14"]
[Round "15.4"]
[White "Aronian, Levon"]
[Black "Tomashevsky, Evgeny"]
[Result "1-0"]
[WhiteTitle "GM"]
[BlackTitle "GM"]
[WhiteElo "2784"]
[BlackElo "2758"]
[WhiteFideId "13300474"]
[BlackFideId "4147235"]
[EventDate "2015.10.13"]

1. e4 c6 2. d4 d5 3. e5 Bf5 4. Nf3 e6 5. Be2 Ne7 6. O-O c5 7. Be3 cxd4 8. Nxd4
Nbc6 9. Bb5 Bg6 10. c4 a6 11. Bxc6+ Nxc6 12. Qa4 Qd7 13. cxd5 exd5 14. Nxc6 Qxc6
15. Nc3 Be7 16. Rac1 O-O 17. Rfd1 Rfd8 18. Qxc6 bxc6 19. Na4 f6 20. exf6 Bxf6
21. Bd4 Bg5 22. Rxc6 Rac8 23. Rxc8 Rxc8 24. Nc5 a5 25. f3 Be7 26. Ne6 Kf7 27.
Nf4 Rc2 28. Nxd5 Bd8 29. Ne3 Rc8 30. Kf2 a4 31. a3 Be7 32. Rd2 Bb1 33. Ng4 Ba2
34. Ne5+ Ke8 35. Nd3 g6 36. Nb4 Kf7 37. Nxa2 1-0

[Event "World Blitz 2015"]
[Site "Berlin GER"]
[Date "2015.10.14"]
[Round "15.10"]
[White "Kasimdzhanov, Rustam"]
[Black "Bruzon Batista, Lazaro"]
[Result "1/2-1/2"]
[WhiteTitle "GM"]
[BlackTitle "GM"]
[WhiteElo "2704"]
[BlackElo "2659"]
[WhiteFideId "14200244"]
[BlackFideId "3503739"]
[EventDate "2015.10.13"]

1. e4 c5 2. Nf3 d6 3. d4 cxd4 4. Nxd4 Nf6 5. Nc3 a6 6. Bc4 e6 7. O-O Be7 8. Bb3
O-O 9. f4 b5 10. f5 b4 11. Na4 e5 12. Ne2 Bb7 13. Ng3 Nbd7 14. Qe1 a5 15. Kh1
Qc7 16. a3 bxa3 17. bxa3 h6 18. Nc3 Nc5 19. Bd5 Bxd5 20. Nxd5 Nxd5 21. exd5 Nd7
22. Bxh6 gxh6 23. Nh5 Bf6 24. Rf3 Kh7 25. Rc3 Qd8 26. Rc6 Nb8 27. Rc8 Qxc8 28.
Nxf6+ Kg7 29. Nh5+ Kh7 30. Nf6+ Kg7 31. Nh5+ Kh7 32. Qg3 1/2-1/2